PASAPALABRA 1 - Estadísticas

Estadísticas generales
  • Esta prueba ha sido intentada 168 veces
  • La puntuación promedio es 13 de 27
Estadísticas de respuestas
Letra Pregunta Respuesta % Correcto
C Escritor del Quijote Cervantes
94%
E País de nacimiento del motociclista Marc Márquez España
92%
B Casa real de origen francés, actual casa reinante en España y Luxemburgo Borbón / Borbones
83%
A Ciudad y municipio español, capital de la provincia homónima, en la comunidad autónoma de Andalucía Almería
82%
K País de África Oriental con costa en el océano Índico. Su territorio abarca sabana, terrenos en lagos, el Gran Valle del Rift y zonas montañosas altas. Kenia
77%
M Poner sucio algo, haciéndole perder en alguna de sus partes el color que tenía. Manchar
73%
J El rey emerito de España Juan Carlos I
69%
D Cadena de establecimientos de grandes superficies, dedicada a la venta y distribución de material deportivo, filial del grupo francés Mulliez. Decathlon
60%
U Ganador del Festival de Eurovision en los años 2004, 2016 y 2022 Ucrania
57%
H Cigarro puro elaborado en la isla de Cuba con hoja de la planta de aquel país. Habano
56%
Contiene la X Pequeño país de Europa que limita con Bélgica, Francia y Alemania. Luxemburgo
56%
O Antipatía y aversión hacia algo o hacia alguien cuyo mal se desea. Odio
55%
R Operación policial consistente en apresar de una vez a un conjunto de personas. Redada
55%
W Red informática Web
53%
L Reino sin litoral a gran altura rodeado por Sudáfrica, está entrecruzado por una red de ríos y cadenas montañosas que incluyen la cima a 3,482 m de altura de Thabana Ntlenyana. Lesoto
52%
Ñ Sumergir algo en un líquido. Bañar
50%
S Ciudad turística situada en la montañosa región española del País Vasco. San Sebastián
50%
F Poeta, dramaturgo y prosista español. Adscrito a la generación del 27, fue el poeta de mayor influencia y popularidad de la literatura española del siglo XX Federico Garcia Lorca
48%
I Movimiento que propugna o reclama la separación de un territorio respecto del Estado al que pertenece. Independentismo
46%
V Expiloto de motociclismo y piloto de automovilismo italiano que compite en el Campeonato Mundial de Resistencia de la FIA y GT World Challenge Europe en 2024. Valentino Rossi
33%
G Isla situada en el océano Atlántico Norte frente a la costa noroeste de la Europa continental. Gran Bretaña
20%
P Dicho de una persona: Que se siente llena de alegría o de energía Pletórica
17%
Y Planta de América tropical, de la familia de las liliáceas, con tallo arborescente, cilíndrico, lleno de cicatrices, de hasta dos metros de altura, coronado por un penacho de hojas largas, gruesas, rígidas y ensiformes. Yuca
16%
N Canción que se presentó al concurso Benidorm Fest 2023, quedando en tercer lugar Nochentera
13%
T Conjunto de los tacos o pedazos de madera que se colocan entre un punto firme y otro que ha de moverse o levantarse. Tacada
2%
Q Nombre genérico de varias especies botánicas de árboles americanos de madera muy dura Quebracho
1%
Z Ganador del oro en tenis de mesa en las olimpiadas de Londres 2012 Zhang Jike
1%
No se encontraron pruebas coincidentes
Distribución de puntuación
Porcentaje de gente con cada puntuación
Porcentaje por número respondido
Historial de tus puntuaciones
No has intentado esta prueba.